00562nam a2200169 a 450000100100000000500170001000800410002704000250006808200140009310000500010724500260015726000500018330000200023304900090025395201130026299900170037500003190120200930063252.0110707s1988 dr 000 0 spa d aDO-SdBNPbspacBNPHU axxxbE82i1 aEstrella Rodríguez, Víctor Antonio95696013aLa isla del estío/. aSantiago de los Caballeros :b[s.n.] ,c1988. a44 p. ;c21 cm. aBNPD 00107-18PDaPDbPDcOId2011-07-07iLF1l0oxxx E82ip31901-10r2020-06-25w2020-06-25yLFPDZNo se presta c31392d31392